[Event "Gibraltar ChallWk1 9th"]
[Site "Gibraltar"]
[Date "2011.01.25"]
[Round "2.24"]
[White "Haddock, Paul"]
[Black "Christiansen, Johan-Sebastian"]
[Result "1/2-1/2"]
[WhiteElo "1757"]
[BlackElo "1955"]
[PlyCount "95"]
[EventDate "2011.01.24"]
[EventType "swiss"]
[EventRounds "5"]
[EventCountry "GGB"]
[SourceTitle "BritBase"]
[Source "www.saund.co.uk"]
[SourceDate "2018.02.10"]
[SourceVersion "1"]
[SourceVersionDate "2018.02.10"]
[SourceQuality "1"]

1. e4 e6 2. d4 d5 3. Nd2 c5 4. exd5 Qxd5 5. Ngf3 Nc6 6. Bc4 Qd8 7. Nb3 cxd4 8.
Nbxd4 Nxd4 9. Qxd4 Qxd4 10. Nxd4 Nf6 11. Nb5 Bb4+ 12. c3 Ba5 13. Bf4 a6 14.
Nc7+ Bxc7 15. Bxc7 b5 16. Bb3 Bb7 17. f3 O-O 18. Rd1 Nd5 19. Ba5 Ne3 20. Rd2
Rfc8 21. Kf2 Nc4 22. Bxc4 Rxc4 23. b3 Rcc8 24. Rhd1 Bd5 25. Rd4 Kf8 26. Rc1
Rab8 27. Rc2 Ke7 28. Ke3 Kf6 29. Kd3 Rc5 30. c4 bxc4+ 31. bxc4 Rxa5 32. cxd5
exd5 33. Rc6+ Ke7 34. Rc7+ Ke8 35. Rf4 Ra3+ 36. Kc2 Rxa2+ 37. Kc1 Rxg2 38.
Rfxf7 Rb4 39. Rfe7+ Kd8 40. Rcd7+ Kc8 41. Ra7 Rc4+ 42. Kd1 Kb8 43. Rab7+ Ka8
44. Ra7+ Kb8 45. Reb7+ Kc8 46. Re7 Kb8 47. Reb7+ Kc8 48. Re7 1/2-1/2

[Event "Gibraltar ChallWk1 9th"]
[Site "Gibraltar"]
[Date "2011.01.25"]
[Round "2.25"]
[White "Messam-Sparks, Lateefah"]
[Black "Gravett, Alan D"]
[Result "1-0"]
[WhiteElo "2062"]
[BlackElo "1869"]
[PlyCount "59"]
[EventDate "2011.01.24"]
[EventType "swiss"]
[EventRounds "5"]
[EventCountry "GGB"]
[SourceTitle "BritBase"]
[Source "www.saund.co.uk"]
[SourceDate "2018.02.10"]
[SourceVersion "1"]
[SourceVersionDate "2018.02.10"]
[SourceQuality "1"]

1. d4 Nf6 2. c4 d6 3. Nc3 e5 4. d5 Nbd7 5. e4 Be7 6. Bd3 O-O 7. Nge2 Nc5 8. Ng3
Re8 9. Bc2 a5 10. Be3 g6 11. Nf1 Nfd7 12. g4 Kh8 13. Qf3 Bg5 14. Ne2 Qf6 15.
Qg2 Bxe3 16. Nxe3 a4 17. h4 Nb6 18. g5 Qe7 19. Rh2 Rf8 20. h5 Bd7 21. O-O-O Kg7
22. Rdh1 Rh8 23. Ng3 Rag8 24. hxg6 fxg6 25. Ngf5+ gxf5 26. exf5 Kf8 27. f6 Qd8
28. Rxh7 Rxh7 29. Bxh7 Nxc4 30. Qh2 1-0

[Event "Gibraltar ChallWk1 9th"]
[Site "Gibraltar"]
[Date "2011.01.25"]
[Round "2.26"]
[White "Savage, Neil"]
[Black "Wright, Jonathan"]
[Result "0-1"]
[WhiteElo "1682"]
[BlackElo "1895"]
[PlyCount "50"]
[EventDate "2011.01.24"]
[EventType "swiss"]
[EventRounds "5"]
[EventCountry "GGB"]
[SourceTitle "BritBase"]
[Source "www.saund.co.uk"]
[SourceDate "2018.02.10"]
[SourceVersion "1"]
[SourceVersionDate "2018.02.10"]
[SourceQuality "1"]

1. e4 d5 2. exd5 Nf6 3. d4 Nxd5 4. Nf3 g6 5. h3 Bg7 6. Be2 O-O 7. O-O c6 8. c4
Nb6 9. Bf4 Na6 10. Qd2 Be6 11. b3 c5 12. Rd1 Re8 13. Nc3 Bf5 14. d5 e5 15. Bg3
e4 16. Nh2 Bd4 17. Ng4 Bxg4 18. Bxg4 e3 19. Qb2 f5 20. Bf3 Qf6 21. Rac1 f4 22.
Rxd4 cxd4 23. Ne4 Rxe4 24. Bxe4 fxg3 25. fxe3 Re8 0-1

[Event "Gibraltar ChallWk1 9th"]
[Site "Gibraltar"]
[Date "2011.01.26"]
[Round "3.1"]
[White "Siegmund, Rainer"]
[Black "Henriksson, Johan"]
[Result "1/2-1/2"]
[WhiteElo "2133"]
[BlackElo "2243"]
[PlyCount "93"]
[EventDate "2011.01.24"]
[EventType "swiss"]
[EventRounds "5"]
[EventCountry "GGB"]
[SourceTitle "BritBase"]
[Source "www.saund.co.uk"]
[SourceDate "2018.02.10"]
[SourceVersion "1"]
[SourceVersionDate "2018.02.10"]
[SourceQuality "1"]

1. d4 d5 2. c4 c6 3. Nf3 Nf6 4. Nc3 dxc4 5. a4 Bf5 6. Ne5 e6 7. e3 Nbd7 8. Nxc4
Be7 9. Be2 O-O 10. O-O Nb6 11. Ne5 Nbd5 12. f3 Bg6 13. e4 Nb4 14. Be3 a5 15.
Qb3 Nd7 16. Nxg6 hxg6 17. Rfd1 Bd6 18. f4 Qb8 19. e5 Be7 20. Ne4 Nb6 21. Rac1
N6d5 22. Bd2 Rd8 23. Qg3 Nb6 24. Bxb4 axb4 25. b3 Rd5 26. Rd3 Nd7 27. h4 Qa7
28. Rcd1 Rd8 29. Bf3 Nc5 30. Nxc5 Rxd4 31. Kh2 Qxc5 32. Rxd4 Rxd4 33. Rxd4 Qxd4
34. h5 gxh5 35. Bxh5 Qc3 36. Qxc3 bxc3 37. Bd1 Ba3 38. g3 Kf8 39. Kg2 Ke7 40.
Kf3 Kd7 41. Ke4 Bc1 42. g4 Kc7 43. f5 Kb6 44. Kd4 Bd2 45. Bc2 Be1 46. Kc4 Kc7
47. Be4 1/2-1/2

[Event "Gibraltar ChallWk1 9th"]
[Site "Gibraltar"]
[Date "2011.01.26"]
[Round "3.2"]
[White "Jaunooby, Ali R"]
[Black "Vinas Guerrero, Carlos A"]
[Result "0-1"]
[WhiteElo "2207"]
[BlackElo "2121"]
[PlyCount "61"]
[EventDate "2011.01.24"]
[EventType "swiss"]
[EventRounds "5"]
[EventCountry "GGB"]
[SourceTitle "BritBase"]
[Source "www.saund.co.uk"]
[SourceDate "2018.02.10"]
[SourceVersion "1"]
[SourceVersionDate "2018.02.10"]
[SourceQuality "1"]

1. d4 f5 2. g3 Nf6 3. Bg2 g6 4. c4 Bg7 5. Nc3 O-O 6. f4 c5 7. d5 e5 8. fxe5 Ng4
9. Nf3 Nxe5 10. d6 Nf7 11. Nd5 Nc6 12. O-O b6 13. Ne7+ Nxe7 14. dxe7 Qxe7 15.
Ng5 Rb8 16. Bd5 Bd4+ 17. Rf2 Bxf2+ 18. Kxf2 Bb7 19. Nxf7 Rxf7 20. Bxf7+ Qxf7
21. Bh6 Re8 22. b3 Qe6 23. Qd2 Qe4 24. Rg1 d5 25. cxd5 Bxd5 26. e3 Qf3+ 27. Ke1
Qe4 28. Rf1 c4 29. Qb2 Qe5 30. bxc4 Bxc4 31. Rf2 0-1

[Event "Gibraltar ChallWk1 9th"]
[Site "Gibraltar"]
[Date "2011.01.26"]
[Round "3.3"]
[White "Tari, Aryan"]
[Black "Daoudi, Kamal"]
[Result "1-0"]
[WhiteElo "2097"]
[BlackElo "2155"]
[PlyCount "123"]
[EventDate "2011.01.24"]
[EventType "swiss"]
[EventRounds "5"]
[EventCountry "GGB"]
[SourceTitle "BritBase"]
[Source "www.saund.co.uk"]
[SourceDate "2018.02.10"]
[SourceVersion "1"]
[SourceVersionDate "2018.02.10"]
[SourceQuality "1"]

1. e4 e5 2. Nf3 Nc6 3. Bb5 a6 4. Ba4 Nf6 5. O-O b5 6. Bb3 Be7 7. Re1 O-O 8. h3
d6 9. c3 Nb8 10. d4 Nbd7 11. Nbd2 Bb7 12. Bc2 Re8 13. Nf1 Bf8 14. Ng3 g6 15. b3
Bg7 16. d5 Nc5 17. Be3 c6 18. c4 Qc7 19. Qd2 a5 20. Red1 cxd5 21. cxd5 Qe7 22.
a3 Rec8 23. b4 axb4 24. axb4 Na4 25. Bd3 Qe8 26. Rac1 Bxd5 27. exd5 e4 28. Be2
exf3 29. Bxf3 Nd7 30. Bd4 Rc4 31. Bxg7 Kxg7 32. Be2 Rxc1 33. Rxc1 Rb8 34. Rc7
Qd8 35. Qd4+ Ne5 36. Ra7 Qf6 37. Qd2 Qh4 38. Kh2 Nb6 39. Bxb5 Nc8 40. Ra5 Ne7
41. Kg1 Ng8 42. Nf1 Nf6 43. f4 Ned7 44. Qc3 Qxf4 45. Bxd7 Rxb4 46. Bc6 Rb1 47.
Qd3 Rb2 48. Qe3 Qf5 49. Ra1 Qc2 50. Qf3 Ne4 51. Ne3 Rb1+ 52. Kh2 Qb2 53. Rxb1
Qxb1 54. Qf4 f5 55. Qh4 Qb2 56. Qe7+ Kh6 57. Qf8+ Kg5 58. h4+ Kh5 59. Qe7 h6
60. Qf7 Qe5+ 61. Kg1 Ng3 62. Qe6 1-0

[Event "Gibraltar ChallWk1 9th"]
[Site "Gibraltar"]
[Date "2011.01.26"]
[Round "3.4"]
[White "Haga, Halvor"]
[Black "Elishev, Ivan"]
[Result "0-1"]
[WhiteElo "2024"]
[BlackElo "2226"]
[PlyCount "97"]
[EventDate "2011.01.24"]
[EventType "swiss"]
[EventRounds "5"]
[EventCountry "GGB"]
[SourceTitle "BritBase"]
[Source "www.saund.co.uk"]
[SourceDate "2018.02.10"]
[SourceVersion "1"]
[SourceVersionDate "2018.02.10"]
[SourceQuality "1"]

1. Nf3 Nf6 2. g3 g6 3. Bg2 Bg7 4. O-O O-O 5. d3 d5 6. Nbd2 Nbd7 7. e4 e5 8. Qe2
Re8 9. Re1 c6 10. b4 Nb6 11. a4 a5 12. b5 cxb5 13. axb5 d4 14. Nc4 Nxc4 15.
dxc4 Nd7 16. Ba3 Qc7 17. Rac1 Nc5 18. c3 dxc3 19. Rxc3 b6 20. Rd1 Bf8 21. Rc2
h6 22. Ne1 Be6 23. Nd3 Rac8 24. Bf1 Nxd3 25. Bxf8 Rxf8 26. Qxd3 Rfd8 27. Qe2
Qc5 28. Rc3 Kg7 29. Kg2 Rd4 30. Rxd4 Qxd4 31. Qe3 Qxe3 32. fxe3 Kf8 33. Kf2 Ke7
34. Ke1 Kd6 35. Kd2 Kc5 36. Rc1 Rd8+ 37. Bd3 h5 38. Kc3 h4 39. Rg1 hxg3 40.
Rxg3 Rh8 41. Rg2 Rh3 42. Re2 g5 43. Rg2 g4 44. Re2 Rf3 45. Kb3 Rf1 46. Rd2 Re1
47. Be2 Rxe2 48. Rd8 Rxe3+ 49. Rd3 0-1

[Event "Gibraltar ChallWk1 9th"]
[Site "Gibraltar"]
[Date "2011.01.26"]
[Round "3.5"]
[White "Obiamiwe, Paul"]
[Black "Byron, Alan M"]
[Result "0-1"]
[WhiteElo "2015"]
[BlackElo "2192"]
[PlyCount "58"]
[EventDate "2011.01.24"]
[EventType "swiss"]
[EventRounds "5"]
[EventCountry "GGB"]
[SourceTitle "BritBase"]
[Source "www.saund.co.uk"]
[SourceDate "2018.02.10"]
[SourceVersion "1"]
[SourceVersionDate "2018.02.10"]
[SourceQuality "1"]

1. e4 e6 2. d4 d5 3. Nc3 Bb4 4. e5 b6 5. Qg4 Bf8 6. Bd3 Qd7 7. Nh3 Ba6 8. Qe2
Bxd3 9. Qxd3 c5 10. Ne2 Nc6 11. c3 Rc8 12. O-O Nge7 13. f4 h5 14. f5 Nxf5 15.
Rxf5 exf5 16. Nef4 Be7 17. Bd2 cxd4 18. cxd4 Nxd4 19. Kh1 Ne6 20. Qxf5 Nxf4 21.
Qxf4 Qg4 22. Qf1 O-O 23. Nf4 Bg5 24. h3 Qf5 25. Qe2 Bxf4 26. Qf3 Rc4 27. Rf1
Qxe5 28. Bxf4 Qf5 29. Qd1 Rxf4 0-1

[Event "Gibraltar ChallWk1 9th"]
[Site "Gibraltar"]
[Date "2011.01.26"]
[Round "3.6"]
[White "Jameson, David"]
[Black "Urbina Perez, Juan Antonio"]
[Result "1/2-1/2"]
[WhiteElo "2054"]
[BlackElo "2189"]
[PlyCount "90"]
[EventDate "2011.01.24"]
[EventType "swiss"]
[EventRounds "5"]
[EventCountry "GGB"]
[SourceTitle "BritBase"]
[Source "www.saund.co.uk"]
[SourceDate "2018.02.10"]
[SourceVersion "1"]
[SourceVersionDate "2018.02.10"]
[SourceQuality "1"]

1. e4 c5 2. Nf3 d6 3. d4 cxd4 4. Nxd4 Nf6 5. Nc3 a6 6. Bc4 e6 7. Bb3 Nbd7 8. f4
Nc5 9. e5 Nfd7 10. exd6 Nf6 11. Qe2 Bxd6 12. Nf5 O-O 13. Nxd6 Qxd6 14. Bd2 b5
15. O-O-O Bb7 16. Be3 Nxb3+ 17. axb3 Qc6 18. Bd4 Ne4 19. Qg4 f6 20. Rhe1 Nxc3
21. Bxc3 Rf7 22. Rxe6 Qxg2 23. Qxg2 Bxg2 24. Rg1 Bh3 25. Rxf6 Rxf6 26. Bxf6 g6
27. Rd1 Kf7 28. Rd6 Bf5 29. Be5 h5 30. h4 Be4 31. Rd4 Bf5 32. c3 Be6 33. Kc2
Bf5+ 34. Kd2 Ra7 35. Ke3 Rd7 36. b4 Ke7 37. Rxd7+ Kxd7 38. Kd4 Kc6 39. Bb8 Bc2
40. Ke5 Bb1 41. Ba7 Bc2 42. Bd4 Bb1 43. Be3 Bc2 44. Bc5 Bb1 45. Kd4 Bc2 1/2-1/2

[Event "Gibraltar ChallWk1 9th"]
[Site "Gibraltar"]
[Date "2011.01.26"]
[Round "3.7"]
[White "Seyfried, Claus"]
[Black "Sommerhalder, Eric"]
[Result "1-0"]
[WhiteElo "2173"]
[BlackElo "2000"]
[PlyCount "61"]
[EventDate "2011.01.24"]
[EventType "swiss"]
[EventRounds "5"]
[EventCountry "GGB"]
[SourceTitle "BritBase"]
[Source "www.saund.co.uk"]
[SourceDate "2018.02.10"]
[SourceVersion "1"]
[SourceVersionDate "2018.02.10"]
[SourceQuality "1"]

1. e4 c5 2. c3 Nf6 3. e5 Nd5 4. d4 cxd4 5. cxd4 Nc6 6. Nf3 d6 7. Bc4 Nb6 8. Bb5
a6 9. Bxc6+ bxc6 10. O-O Bg4 11. h3 Bh5 12. g4 Bg6 13. e6 fxe6 14. Ng5 Qd7 15.
Re1 e5 16. dxe5 dxe5 17. Qb3 Nd5 18. Nc3 h6 19. Nf3 e4 20. Ne5 Qd6 21. Nxg6
Qxg6 22. Nxd5 cxd5 23. Qxd5 Rd8 24. Qc4 h5 25. g5 Qf5 26. Qxe4 Qxh3 27. Qg6+
Kd7 28. Bf4 Qg4+ 29. Bg3 e5 30. Rxe5 Be7 31. Rd5+ 1-0

[Event "Gibraltar ChallWk1 9th"]
[Site "Gibraltar"]
[Date "2011.01.26"]
[Round "3.8"]
[White "Havik, Victor"]
[Black "Hauge, Lars Oskar"]
[Result "1-0"]
[WhiteElo "2107"]
[BlackElo "1942"]
[PlyCount "81"]
[EventDate "2011.01.24"]
[EventType "swiss"]
[EventRounds "5"]
[EventCountry "GGB"]
[SourceTitle "BritBase"]
[Source "www.saund.co.uk"]
[SourceDate "2018.02.10"]
[SourceVersion "1"]
[SourceVersionDate "2018.02.10"]
[SourceQuality "1"]

1. d4 Nf6 2. c4 c5 3. d5 b5 4. cxb5 a6 5. b6 g6 6. Nc3 d6 7. e4 Qxb6 8. Nf3 Bg7
9. Be2 O-O 10. O-O Nbd7 11. a4 Ne8 12. Nd2 Qb7 13. Kh1 f5 14. exf5 gxf5 15. f4
Ndf6 16. Bf3 Rb8 17. Nc4 Qc7 18. Re1 Rf7 19. Qd3 Rb4 20. Bd2 Bd7 21. h3 Qb8 22.
Re2 Nc7 23. g3 Na8 24. Ne5 dxe5 25. fxe5 Ne4 26. e6 Nxg3+ 27. Kg2 Nxe2 28.
exf7+ Kxf7 29. Nxe2 Rxb2 30. Rc1 Qd6 31. Kh1 Nc7 32. Rg1 Ne8 33. Bh5+ Kf8 34.
Bxe8 Bxe8 35. Nf4 Bf7 36. Qxf5 Rxd2 37. Qc8+ Be8 38. Ne6+ Kf7 39. Ng5+ Kf8 40.
Qf5+ Bf6 41. Nxh7+ 1-0

[Event "Gibraltar ChallWk1 9th"]
[Site "Gibraltar"]
[Date "2011.01.26"]
[Round "3.9"]
[White "Meskovs, Nikita"]
[Black "Isherwood, Paul"]
[Result "1-0"]
[WhiteElo "2243"]
[BlackElo "2014"]
[PlyCount "103"]
[EventDate "2011.01.24"]
[EventType "swiss"]
[EventRounds "5"]
[EventCountry "GGB"]
[SourceTitle "BritBase"]
[Source "www.saund.co.uk"]
[SourceDate "2018.02.10"]
[SourceVersion "1"]
[SourceVersionDate "2018.02.10"]
[SourceQuality "1"]

1. d4 d6 2. Nf3 Nf6 3. c4 Nbd7 4. Nc3 e5 5. d5 c6 6. e4 a6 7. a4 Be7 8. h3 O-O
9. Be3 cxd5 10. cxd5 b6 11. Be2 Bb7 12. g4 Rc8 13. Rg1 Rxc3 14. bxc3 Nxe4 15.
Ra3 Nec5 16. c4 a5 17. Qb1 Ba6 18. Nd2 Bg5 19. Ne4 Bxe3 20. Rxe3 Nxe4 21. Qxe4
Nc5 22. Qc2 Bc8 23. Qa2 Bd7 24. Bd1 Qg5 25. Kf1 Rc8 26. Rgg3 Qf4 27. Kg2 Na6
28. Qb1 Qd4 29. Re4 Qc5 30. Qb2 Nb4 31. Qd2 Qc7 32. Kh2 Na6 33. g5 Nc5 34. Rh4
Re8 35. Bc2 Rc8 36. Bd1 Re8 37. Bc2 g6 38. Qd1 Qc8 39. Rf3 Re7 40. Rf6 e4 41.
Qd4 Bf5 42. Kg2 Qd7 43. Qe3 Re5 44. Qg3 Nd3 45. Bxd3 exd3 46. Rd4 d2 47. Rxd2
Bxh3+ 48. Kh2 Bf1 49. f4 Re4 50. f5 Re5 51. fxg6 hxg6 52. Rxf1 1-0

[Event "Gibraltar ChallWk1 9th"]
[Site "Gibraltar"]
[Date "2011.01.26"]
[Round "3.10"]
[White "Zygouris, Hristos"]
[Black "Knudsen, Jes West"]
[Result "1-0"]
[WhiteElo "2215"]
[BlackElo "2000"]
[PlyCount "61"]
[EventDate "2011.01.24"]
[EventType "swiss"]
[EventRounds "5"]
[EventCountry "GGB"]
[SourceTitle "BritBase"]
[Source "www.saund.co.uk"]
[SourceDate "2018.02.10"]
[SourceVersion "1"]
[SourceVersionDate "2018.02.10"]
[SourceQuality "1"]

1. c4 e5 2. g3 Nc6 3. Bg2 g6 4. Nc3 Bg7 5. e4 Nge7 6. Nge2 O-O 7. d3 d6 8. O-O
f5 9. Nd5 Nxd5 10. cxd5 Ne7 11. Qb3 Kh8 12. Bd2 c5 13. f4 Qb6 14. fxe5 Qxb3 15.
axb3 Bxe5 16. Bc3 Bd7 17. Bxe5+ dxe5 18. Nc3 Nc8 19. exf5 gxf5 20. Ne4 b6 21.
Rae1 Ne7 22. Nd6 Rf6 23. Nc4 Rd8 24. Rxe5 Ng6 25. Ree1 Bb5 26. h4 Rf7 27. h5
Ne7 28. Re5 Bd7 29. Nd6 Rf6 30. Nb7 Rb8 31. Rxe7 1-0

[Event "Gibraltar ChallWk1 9th"]
[Site "Gibraltar"]
[Date "2011.01.26"]
[Round "3.11"]
[White "Lanier, Nicholas"]
[Black "Marder, Simon"]
[Result "1/2-1/2"]
[WhiteElo "2203"]
[BlackElo "1990"]
[PlyCount "57"]
[EventDate "2011.01.24"]
[EventType "swiss"]
[EventRounds "5"]
[EventCountry "GGB"]
[SourceTitle "BritBase"]
[Source "www.saund.co.uk"]
[SourceDate "2018.02.10"]
[SourceVersion "1"]
[SourceVersionDate "2018.02.10"]
[SourceQuality "1"]

1. Nf3 Nc6 2. c4 e5 3. d4 exd4 4. Nxd4 Bc5 5. Nb3 Bb4+ 6. Nc3 Qh4 7. Qd3 Nf6 8.
e3 Ne5 9. Qc2 d6 10. Nd4 O-O 11. Bd2 Bg4 12. Nf5 Qh5 13. Ng3 Qh4 14. h3 Be6 15.
a3 Ba5 16. Nf5 Qh5 17. g4 Bxf5 18. Qxf5 Qxf5 19. gxf5 Nf3+ 20. Kd1 Nxd2 21.
Kxd2 Ne4+ 22. Kc2 Bxc3 23. Bg2 Bxb2 24. Rab1 Nxf2 25. Rhf1 Bxa3 26. Rxf2 Rab8
27. Bxb7 Bc5 28. Re2 Rfe8 29. e4 1/2-1/2

[Event "Gibraltar ChallWk1 9th"]
[Site "Gibraltar"]
[Date "2011.01.26"]
[Round "3.12"]
[White "Kandic, Milan"]
[Black "Messam-Sparks, Lateefah"]
[Result "1-0"]
[WhiteElo "2143"]
[BlackElo "2062"]
[PlyCount "67"]
[EventDate "2011.01.24"]
[EventType "swiss"]
[EventRounds "5"]
[EventCountry "GGB"]
[SourceTitle "BritBase"]
[Source "www.saund.co.uk"]
[SourceDate "2018.02.10"]
[SourceVersion "1"]
[SourceVersionDate "2018.02.10"]
[SourceQuality "1"]

1. d4 d5 2. Bf4 Nf6 3. Nf3 e6 4. e3 Bd6 5. Ne5 a6 6. Bd3 Nbd7 7. Nd2 c5 8. Nxf7
Kxf7 9. Bxd6 cxd4 10. exd4 Qb6 11. Ba3 Qxd4 12. Nf3 Qg4 13. h3 Qf4 14. g3 Qh6
15. Bb4 Ne4 16. Qe2 a5 17. Ba3 Ng5 18. Nd4 Qf6 19. O-O-O e5 20. f4 exd4 21.
fxg5 Qxg5+ 22. Kb1 Re8 23. h4 Qe5 24. Qf2+ Qf6 25. Qg2 Qc6 26. Bxh7 Nf6 27.
Rdf1 Bg4 28. Bd3 Kg8 29. h5 Ne4 30. Rf4 Bd7 31. h6 gxh6 32. Rfh4 Ng5 33. b3 Nf7
34. Rxd4 1-0

[Event "Gibraltar ChallWk1 9th"]
[Site "Gibraltar"]
[Date "2011.01.26"]
[Round "3.13"]
[White "Wright, Jonathan"]
[Black "Osuna Vega, Enrique"]
[Result "0-1"]
[WhiteElo "1895"]
[BlackElo "2140"]
[PlyCount "128"]
[EventDate "2011.01.24"]
[EventType "swiss"]
[EventRounds "5"]
[EventCountry "GGB"]
[SourceTitle "BritBase"]
[Source "www.saund.co.uk"]
[SourceDate "2018.02.10"]
[SourceVersion "1"]
[SourceVersionDate "2018.02.10"]
[SourceQuality "1"]

1. e4 e5 2. Nf3 Nc6 3. Bb5 a6 4. Ba4 Nf6 5. O-O b5 6. Bb3 Be7 7. d4 d6 8. c3
O-O 9. h3 Nd7 10. Bd5 Bb7 11. b3 Bf6 12. Bxc6 Bxc6 13. d5 Bb7 14. c4 Qe7 15.
Be3 Rfb8 16. Qc2 Rc8 17. Nc3 c6 18. Rad1 Qf8 19. Qd2 b4 20. Ne2 c5 21. Nh2 a5
22. Ng4 a4 23. Nc1 axb3 24. axb3 Be7 25. Qc2 Nf6 26. g3 Rd8 27. f4 exf4 28.
gxf4 Bc8 29. Nf2 Nd7 30. Kh2 f5 31. Ncd3 fxe4 32. Nxe4 Nb6 33. Ng3 Bf5 34. Nxf5
Qxf5 35. Nxb4 Qxc2+ 36. Nxc2 Ra2 37. Rf2 Bh4 38. Rg2 Rda8 39. Bc1 Bf6 40. Rd3
Re8 41. Rdg3 Kf7 42. Ne3 Rxg2+ 43. Rxg2 Ra8 44. Bb2 g6 45. f5 Re8 46. fxg6+
hxg6 47. Rf2 Rxe3 48. Rxf6+ Ke7 49. Re6+ Rxe6 50. dxe6 Kxe6 51. Kg3 Kf5 52. Kf3
Nd7 53. Bc1 Ne5+ 54. Ke3 Nc6 55. Kf3 Nd4+ 56. Kg3 Nxb3 57. Bf4 Ke6 58. Kg4 Na5
59. Kg5 Nxc4 60. Kxg6 Ne5+ 61. Kg5 c4 62. Be3 d5 63. Kf4 c3 64. h4 c2 0-1

[Event "Gibraltar ChallWk1 9th"]
[Site "Gibraltar"]
[Date "2011.01.26"]
[Round "3.14"]
[White "Georgieva, Emilia"]
[Black "Dasaolu, Adeoye"]
[Result "0-1"]
[WhiteElo "1907"]
[BlackElo "2107"]
[PlyCount "64"]
[EventDate "2011.01.24"]
[EventType "swiss"]
[EventRounds "5"]
[EventCountry "GGB"]
[SourceTitle "BritBase"]
[Source "www.saund.co.uk"]
[SourceDate "2018.02.10"]
[SourceVersion "1"]
[SourceVersionDate "2018.02.10"]
[SourceQuality "1"]

1. d4 Nf6 2. Nf3 e6 3. c3 b6 4. Bg5 h6 5. Bh4 Bb7 6. Nbd2 d6 7. Bxf6 Qxf6 8. e3
g5 9. h3 Bg7 10. Qa4+ Kd8 11. O-O-O h5 12. e4 g4 13. hxg4 hxg4 14. Rxh8+ Bxh8
15. e5 Qf5 16. Ne1 Qxf2 17. Qc2 f5 18. exf6 Qxf6 19. Qh7 Bg7 20. Be2 Qg5 21. g3
Nd7 22. Nd3 Nf6 23. Qh2 Ke7 24. Nf4 e5 25. dxe5 dxe5 26. Bb5 exf4 27. Qe2+ Kf8
28. Re1 fxg3 29. Qe7+ Kg8 30. Bc4+ Kh8 31. Qxc7 Bh6 32. Rd1 Bf3 0-1

[Event "Gibraltar ChallWk1 9th"]
[Site "Gibraltar"]
[Date "2011.01.26"]
[Round "3.15"]
[White "Suez-Panama, Gilles"]
[Black "Helin, Mikael"]
[Result "0-1"]
[WhiteElo "2096"]
[BlackElo "1914"]
[PlyCount "74"]
[EventDate "2011.01.24"]
[EventType "swiss"]
[EventRounds "5"]
[EventCountry "GGB"]
[SourceTitle "BritBase"]
[Source "www.saund.co.uk"]
[SourceDate "2018.02.10"]
[SourceVersion "1"]
[SourceVersionDate "2018.02.10"]
[SourceQuality "1"]

1. d4 g6 2. Nf3 d6 3. c4 Bg7 4. g3 Bg4 5. h3 Bd7 6. Bg2 Qc8 7. Nc3 Nc6 8. e4 e5
9. Be3 h6 10. Rc1 f5 11. d5 Nce7 12. c5 Qd8 13. Qb3 Nf6 14. Nd2 b6 15. cxd6
cxd6 16. Nc4 Nc8 17. O-O O-O 18. f4 b5 19. Nxd6 Nxd6 20. fxe5 Nfxe4 21. exd6
Nxg3 22. Rfe1 Qh4 23. Ne2 f4 24. Bf2 Be5 25. Qf3 Bxh3 26. Bxh3 Qxh3 27. Nd4
Rae8 28. d7 Qxd7 29. Rc6 Bxd4 30. Rxg6+ Kh7 31. Rge6 Rxe6 32. Rxe6 Qg7 33. Kh2
Nf1+ 34. Kh1 Ng3+ 35. Kh2 Qg5 36. Qg2 Qh4+ 37. Kg1 f3 0-1

[Event "Gibraltar ChallWk1 9th"]
[Site "Gibraltar"]
[Date "2011.01.26"]
[Round "3.16"]
[White "Annetts, Ivor S"]
[Black "Montabord, Manuel"]
[Result "1/2-1/2"]
[WhiteElo "1890"]
[BlackElo "2063"]
[PlyCount "63"]
[EventDate "2011.01.24"]
[EventType "swiss"]
[EventRounds "5"]
[EventCountry "GGB"]
[SourceTitle "BritBase"]
[Source "www.saund.co.uk"]
[SourceDate "2018.02.10"]
[SourceVersion "1"]
[SourceVersionDate "2018.02.10"]
[SourceQuality "1"]

1. e4 c5 2. c3 b6 3. d4 Bb7 4. f3 e6 5. Bd3 Nf6 6. Ne2 Nc6 7. Be3 Rc8 8. Nd2 d6
9. Rc1 Be7 10. a3 O-O 11. O-O Nd7 12. Qe1 Bh4 13. g3 Bf6 14. Qf2 g6 15. Bh6 Bg7
16. Bxg7 Kxg7 17. f4 f5 18. d5 exd5 19. exd5 Ne7 20. c4 b5 21. b3 Ng8 22. Nc3
bxc4 23. bxc4 Ndf6 24. h3 Nh6 25. Nf3 Nf7 26. Rb1 Rc7 27. Rfe1 Re8 28. Rxe8
Qxe8 29. Re1 Re7 30. Rxe7 Qxe7 31. Qe2 Qxe2 32. Bxe2 1/2-1/2

[Event "Gibraltar ChallWk1 9th"]
[Site "Gibraltar"]
[Date "2011.01.26"]
[Round "3.17"]
[White "Salomon, Johan"]
[Black "Hamer, Martyn"]
[Result "0-1"]
[WhiteElo "1836"]
[BlackElo "2041"]
[PlyCount "102"]
[EventDate "2011.01.24"]
[EventType "swiss"]
[EventRounds "5"]
[EventCountry "GGB"]
[SourceTitle "BritBase"]
[Source "www.saund.co.uk"]
[SourceDate "2018.02.10"]
[SourceVersion "1"]
[SourceVersionDate "2018.02.10"]
[SourceQuality "1"]

1. e4 e5 2. Nf3 Nf6 3. d4 Nxe4 4. Bd3 d5 5. Nxe5 Nd7 6. Nxd7 Bxd7 7. Nc3 Nxc3
8. bxc3 Bd6 9. O-O Qh4 10. g3 Qg4 11. Re1+ Kf8 12. Be2 Qg6 13. Bf3 c6 14. a4 h5
15. h4 Bf5 16. Ra2 Re8 17. Rxe8+ Kxe8 18. a5 Kd7 19. c4 Bxg3 20. fxg3 Qxg3+ 21.
Bg2 Re8 22. Bd2 Bh3 23. Qf3 Qxg2+ 24. Qxg2 Bxg2 25. Rb2 Kc8 26. Bf4 Re2 27. c5
a6 28. Rb3 Be4 29. Rc3 Rxc2 30. Rxc2 Bxc2 31. Kf2 Kd7 32. Be5 f6 33. Bd6 Ke6
34. Bf8 g5 35. Kg3 Kf5 36. Bg7 Bd1 37. Bh8 Kg6 38. Kh3 Be2 39. Kg2 gxh4 40. Kh3
Kg5 41. Bg7 f5 42. Bf8 Bf1+ 43. Kh2 Kg4 44. Kg1 Bd3 45. Bd6 f4 46. Kh2 Kf3 47.
Be7 Ke3 48. Bxh4 Kxd4 49. Bf2+ Ke4 50. Kg2 Be2 51. Be1 d4 0-1

[Event "Gibraltar ChallWk1 9th"]
[Site "Gibraltar"]
[Date "2011.01.26"]
[Round "3.18"]
[White "Flanagan, Samuel"]
[Black "Zanetti, Bruno"]
[Result "0-1"]
[WhiteElo "1776"]
[BlackElo "2017"]
[PlyCount "104"]
[EventDate "2011.01.24"]
[EventType "swiss"]
[EventRounds "5"]
[EventCountry "GGB"]
[SourceTitle "BritBase"]
[Source "www.saund.co.uk"]
[SourceDate "2018.02.10"]
[SourceVersion "1"]
[SourceVersionDate "2018.02.10"]
[SourceQuality "1"]

1. e4 c5 2. c3 e5 3. Nf3 Nc6 4. Bb5 d6 5. d3 Be7 6. O-O Nf6 7. Re1 O-O 8. Nbd2
Bg4 9. h3 Bh5 10. Nf1 h6 11. Ng3 Bg6 12. Nh4 Bh7 13. Nhf5 a6 14. Ba4 b5 15. Bb3
Ra7 16. Qf3 a5 17. a4 b4 18. Be3 Rb7 19. Bc4 Nb8 20. Rad1 Nbd7 21. d4 cxd4 22.
cxd4 Rc7 23. b3 Re8 24. Bb5 Rc3 25. Bc4 exd4 26. Rxd4 Ne5 27. Qf4 Nxc4 28. bxc4
Qc8 29. Nxd6 Bxd6 30. Qxd6 Rxc4 31. Rxc4 Qxc4 32. Bxh6 Bxe4 33. Bg5 Qc6 34. Qf4
Bxg2 35. Rxe8+ Nxe8 36. Nf5 Qe4 37. Ne7+ Kf8 38. Qg3 Bf3 39. Kh2 f6 40. Bxf6
gxf6 41. Ng6+ Kf7 42. Nh8+ Ke6 43. Qg8+ Kd6 44. Nf7+ Kc5 45. Qf8+ Kd4 46. Qh6
Kd3 47. Qc1 Ke2 48. Qb2+ Kf1 49. Qc1+ Qe1 50. Qc4+ Qe2 51. Qc1+ Qe1 52. Qc4+
Be2 0-1